[Event "GRE-ch U16 Girls"]
[Site "Patras"]
[Date "2019.06.25"]
[Round "1.7"]
[White "Tsampouli, Vasiliki"]
[Black "Fertaki, Eleftheria"]
[Result "1-0"]
[WhiteElo "1344"]
[BlackElo "1180"]
[PlyCount "83"]
[EventDate "2019.06.25"]
[EventType "swiss"]
[EventRounds "7"]
[EventCountry "GRE"]
[SourceTitle "EXT 2020"]
[Source "ChessBase"]
[SourceDate "2019.10.17"]
[SourceVersion "1"]
[SourceVersionDate "2019.10.17"]
[SourceQuality "1"]
[WhiteTeam "Greece"]
[BlackTeam "Greece"]
[WhiteTeamCountry "GRE"]
[BlackTeamCountry "GRE"]

1. e4 c5 2. Nf3 e6 3. d4 cxd4 4. Nxd4 Nf6 5. Bd3 Nc6 6. Nxc6 bxc6 7. 0-0 d5 8. Qe2 Be7 9. c4 0-0 10. e5 Nd7 11. f4 Nc5 12. Bc2 Ba6 13. b3 dxc4 14. Rd1 Qb6 15. bxc4 Nb3+ 16. Be3 Bc5 17. axb3 Bxe3+ 18. Kh1 Bxf4 19. Qe4 g6 20. Qxf4 Rad8 21. Nc3 Rxd1+ 22. Rxd1 Qb4 23. Ne4 Qe7 24. Qh6 f6 25. Nxf6+ Rxf6 26. exf6 Qxf6 27. Qd2 Kg7 28. Qd7+ Kh6 29. Qxa7 Qb2 30. Qe3+ Kh5 31. Qe2+ Kh6 32. Rb1 Qc3 33. Qd3 Qe5 34. b4 Qf4 35. b5 cxb5 36. cxb5 Bb7 37. Re1 Qg4 38. Qe3+ Kg7 39. Be4 Bxe4 40. Qxe4 Qg5 41. Qe5+ Qxe5 42. Rxe5 1-0

[Event "GRE-chT 46th"]
[Site "Rio Achaia"]
[Date "2018.07.12"]
[Round "4.17"]
[White "Papanagiotou, Argyro"]
[Black "Fertaki, Eleftheria"]
[Result "0-1"]
[WhiteElo "1037"]
[BlackElo "1139"]
[PlyCount "48"]
[EventDate "2018.07.10"]
[EventType "team"]
[EventRounds "7"]
[EventCountry "GRE"]
[SourceTitle "CBM 185 Extra"]
[Source "ChessBase"]
[SourceDate "2018.07.29"]
[SourceVersion "1"]
[SourceVersionDate "2018.07.29"]
[SourceQuality "1"]
[WhiteTeam "Larissa"]
[BlackTeam "Patras Shipping Company"]
[WhiteTeamCountry "GRE"]
[BlackTeamCountry "GRE"]

1. e4 c5 2. Nc3 e6 3. f4 Nc6 4. Nf3 d6 5. d4 cxd4 6. Nxd4 a6 7. a4 Qb6 8. Nxc6 bxc6 9. Bd2 Qxb2 10. Rb1 Qa3 11. Be3 Qxc3+ 12. Qd2 Qxd2+ 13. Bxd2 Nf6 14. Bd3 d5 15. e5 Nd7 16. 0-0 Nc5 17. a5 Nxd3 18. cxd3 Bc5+ 19. Kh1 0-0 20. Rbc1 Bd4 21. Rxc6 Bd7 22. Rc2 Rac8 23. Ra2 f6 24. Bb4 Rfe8 0-1

[Event "GRE-chT 46th"]
[Site "Rio Achaia"]
[Date "2018.07.11"]
[Round "2.15"]
[White "Fertaki, Eleftheria"]
[Black "Radeva, Viktoria"]
[Result "0-1"]
[WhiteElo "1139"]
[BlackElo "2274"]
[PlyCount "112"]
[EventDate "2018.07.10"]
[EventType "team"]
[EventRounds "7"]
[EventCountry "GRE"]
[SourceTitle "CBM 185 Extra"]
[Source "ChessBase"]
[SourceDate "2018.07.29"]
[SourceVersion "1"]
[SourceVersionDate "2018.07.29"]
[SourceQuality "1"]
[WhiteTeam "Patras Shipping Company"]
[BlackTeam "Heraklion Contact"]
[WhiteTeamCountry "GRE"]
[BlackTeamCountry "GRE"]

1. e4 c5 2. Nf3 e6 3. d4 cxd4 4. Nxd4 a6 5. Nc3 Qc7 6. Be3 Bb4 7. Nde2 Nf6 8. Bd2 Nc6 9. Ng3 0-0 10. Bd3 d6 11. 0-0 Bc5 12. Qe2 Nd4 13. Qd1 b5 14. a3 Bb7 15. Be3 Nc6 16. Re1 Ne5 17. h3 Rac8 18. Bxc5 dxc5 19. Bf1 Rfd8 20. Qc1 b4 21. Nd1 a5 22. c3 Qb6 23. Qe3 bxa3 24. Rxa3 Ba6 25. Qg5 Nfd7 26. Nh5 Ng6 27. Bxa6 Qxa6 28. Ne3 h6 29. Qg3 Qb5 30. Ra2 c4 31. Nf4 Nxf4 32. Qxf4 Ne5 33. Rd1 Nd3 34. Qh4 a4 35. Nc2 Qb3 36. Nb4 Qxd1+ 37. Kh2 Nxb4 38. cxb4 Qb3 39. Ra3 Qxb2 40. Rxa4 c3 41. Ra5 c2 42. Rc5 c1Q 43. Rxc1 Qxc1 44. b5 Qg5 45. Qxg5 hxg5 46. h4 gxh4 47. Kh3 Rb8 48. Kxh4 Rxb5 49. e5 Rxe5 50. f4 g5+ 51. Kg4 gxf4 52. g3 fxg3 53. Kxg3 Rd4 54. Kh2 Re3 55. Kg2 Rd2+ 56. Kg1 Re1# 0-1

[Event "GRE-chT 46th"]
[Site "Rio Achaia"]
[Date "2018.07.11"]
[Round "3.15"]
[White "Fertaki, Eleftheria"]
[Black "Vitzileou, Fedra"]
[Result "1-0"]
[WhiteElo "1139"]
[BlackElo "1226"]
[PlyCount "69"]
[EventDate "2018.07.10"]
[EventType "team"]
[EventRounds "7"]
[EventCountry "GRE"]
[SourceTitle "CBM 185 Extra"]
[Source "ChessBase"]
[SourceDate "2018.07.29"]
[SourceVersion "1"]
[SourceVersionDate "2018.07.29"]
[SourceQuality "1"]
[WhiteTeam "Patras Shipping Company"]
[BlackTeam "Asos Rodou Hippotis"]
[WhiteTeamCountry "GRE"]
[BlackTeamCountry "GRE"]

1. e4 c5 2. Nf3 Nc6 3. Bb5 g6 4. d4 cxd4 5. Nxd4 Bg7 6. Nxc6 bxc6 7. Bc4 Qb6 8. Nc3 d6 9. 0-0 Nf6 10. h3 0-0 11. Bb3 Be6 12. Be3 Qb7 13. Re1 a5 14. Qd2 d5 15. Bd4 dxe4 16. Nxe4 Nxe4 17. Rxe4 Bxb3 18. axb3 Rfd8 19. Qe3 Bxd4 20. Rxd4 Rxd4 21. Qxd4 Qc7 22. Qc5 Kf8 23. b4 a4 24. b3 a3 25. b5 Qa5 26. Qxc6 Rb8 27. Qc5 Rxb5 28. Qxa3 Qc3 29. Qc1 Rc5 30. Qh6+ Kg8 31. Ra8+ Rc8 32. Rxc8+ Qxc8 33. Qd2 Kf8 34. Qd4 Qxc2 35. Qh8# 1-0

[Event "GRE-ch U14 Girls"]
[Site "Rio Achaia"]
[Date "2018.07.08"]
[Round "8"]
[White "Pasoglou, Nikoleta"]
[Black "Fertaki, Eleftheria"]
[Result "1-0"]
[WhiteElo "1354"]
[BlackElo "1139"]
[PlyCount "115"]
[EventDate "2018.07.03"]
[EventType "swiss"]
[EventRounds "9"]
[EventCountry "GRE"]
[SourceTitle "EXT 2019"]
[Source "ChessBase"]
[SourceDate "2018.10.10"]
[SourceVersion "1"]
[SourceVersionDate "2018.10.10"]
[SourceQuality "1"]

1. e4 c5 2. Nf3 e6 3. d4 cxd4 4. Nxd4 Nf6 5. Nc3 Nc6 6. a3 a6 7. Be3 d5 8. exd5 Nxd5 9. Nxd5 Qxd5 10. Nf3 Qxd1+ 11. Rxd1 Be7 12. Be2 Bd7 13. 0-0 Bf6 14. Nd4 Nxd4 15. Bxd4 Bxd4 16. Rxd4 Bc6 17. f4 0-0 18. Rfd1 g6 19. Kf2 Rfe8 20. Bf3 Rac8 21. c3 Bxf3 22. Kxf3 Rc6 23. Rb4 b5 24. Rbd4 Kg7 25. Rd6 Rec8 26. Ke4 Kf6 27. g4 Kg7 28. h3 R8c7 29. R1d4 Kf6 30. g5+ Kg7 31. h4 Rc8 32. Rxc6 Rxc6 33. a4 bxa4 34. Rxa4 Rb6 35. b4 Rc6 36. Kd4 h6 37. c4 hxg5 38. hxg5 Kf8 39. b5 axb5 40. cxb5 Rb6 41. Kc5 Rb8 42. b6 Ke8 43. Kc6 Rc8+ 44. Kb7 Rc2 45. Ka7 Rd2 46. b7 Rd7 47. Ka8 Rd8+ 48. b8Q Rxb8+ 49. Kxb8 Kf8 50. Kc7 Ke7 51. Kc6 Kf8 52. Kd6 Kg8 53. Ke5 Kg7 54. Ra7 Kg8 55. Kf6 Kh7 56. Kxf7 Kh8 57. Kxg6 e5 58. Ra8# 1-0

[Event "GRE-ch U14 Girls"]
[Site "Rio Achaia"]
[Date "2018.07.05"]
[Round "4"]
[White "Fertaki, Eleftheria"]
[Black "Dereka, Konstantina"]
[Result "0-1"]
[WhiteElo "1139"]
[BlackElo "1363"]
[PlyCount "118"]
[EventDate "2018.07.03"]
[EventType "swiss"]
[EventRounds "9"]
[EventCountry "GRE"]
[SourceTitle "EXT 2019"]
[Source "ChessBase"]
[SourceDate "2018.10.10"]
[SourceVersion "1"]
[SourceVersionDate "2018.10.10"]
[SourceQuality "1"]

1. e4 e6 2. d4 d5 3. Nc3 Bb4 4. e5 c5 5. a3 Bxc3+ 6. bxc3 Ne7 7. Nf3 Nbc6 8. Be2 0-0 9. 0-0 Qc7 10. Re1 h6 11. Bf4 Bd7 12. h3 Rac8 13. Bh2 cxd4 14. cxd4 Na5 15. Qd2 Nc4 16. Bxc4 Qxc4 17. Qb4 Qxb4 18. axb4 a6 19. Rac1 Rc3 20. Red1 Rfc8 21. Ne1 Ba4 22. Rd2 R8c4 23. Bf4 Rxb4 24. Be3 Rbc4 25. Nd3 Nc6 26. Nb2 Rb4 27. Nd3 Rb5 28. Nc5 Rc4 29. Nd3 Nxd4 30. Bxd4 Rxd4 31. c3 Rh4 32. Ra2 Bb3 33. Rb2 Bc4 34. Rd2 Bxd3 35. Rxd3 Re4 36. Re3 Rxe3 37. fxe3 Rc5 38. Kf2 b5 39. Ra1 Rxc3 40. Rxa6 Rc4 41. Rb6 b4 42. Rb5 Kh7 43. Kf3 Kg6 44. Rb6 Kf5 45. Rb7 Kxe5 46. Rxf7 g5 47. Rh7 Kd6 48. Rxh6 b3 49. Rh8 Rb4 50. Rg8 b2 51. Rxg5 b1Q 52. Rg4 Rxg4 53. hxg4 Qe4+ 54. Kf2 Qxg4 55. g3 Ke5 56. Kg2 Ke4 57. Kh2 Kf3 58. Kh1 Qh3+ 59. Kg1 Qg2# 0-1

[Event "GRE-ch Schools Gymnasia-B 30th"]
[Site "Peristeri"]
[Date "2018.04.01"]
[Round "1"]
[White "Fertaki, Eleftheria"]
[Black "Kasioumis, Vasilios"]
[Result "0-1"]
[WhiteElo "1147"]
[BlackElo "1858"]
[PlyCount "72"]
[EventDate "2018.04.01"]
[EventType "swiss (rapid)"]
[EventRounds "9"]
[EventCountry "GRE"]
[SourceTitle "EXT 2019"]
[Source "ChessBase"]
[SourceDate "2018.10.10"]
[SourceVersion "1"]
[SourceVersionDate "2018.10.10"]
[SourceQuality "1"]

1. e4 c5 2. Nf3 e6 3. d4 cxd4 4. Nxd4 Nc6 5. Nc3 Qc7 6. Be3 a6 7. Be2 b5 8. Nxc6 Qxc6 9. 0-0 Bb7 10. Bf3 Rc8 11. e5 Qc7 12. Bxb7 Qxb7 13. Qd3 f5 14. exf6 Nxf6 15. Bf4 Bb4 16. Ne2 0-0 17. c3 Bc5 18. Bd6 Bxd6 19. Qxd6 Ne4 20. Qd3 Rf7 21. Ng3 Nc5 22. Qe3 Qc6 23. Rad1 Rcf8 24. Qd4 d5 25. Rd2 Rf4 26. Qe3 Ne4 27. Nxe4 Rxe4 28. Qh3 Qc4 29. Rd4 Rxd4 30. cxd4 Rf6 31. Re1 Qxa2 32. g3 Qxb2 33. Rxe6 Qxf2+ 34. Kh1 Qf3+ 35. Qg2 Qxg2+ 36. Kxg2 Rxe6 0-1

[Event "GRE-ch U14 Girls"]
[Site "Achaia"]
[Date "2017.06.28"]
[Round "3"]
[White "Batzoli, Maria"]
[Black "Fertaki, Eleftheria"]
[Result "1-0"]
[WhiteElo "1359"]
[BlackElo "1107"]
[PlyCount "165"]
[EventDate "2017.06.26"]
[EventType "swiss"]
[EventRounds "7"]
[EventCountry "GRE"]
[SourceTitle "CBM 179 Extra"]
[Source "ChessBase"]
[SourceDate "2017.08.23"]
[SourceVersion "1"]
[SourceVersionDate "2017.08.23"]
[SourceQuality "1"]

1. e4 c5 2. Nf3 e6 3. c3 Nf6 4. e5 Nd5 5. d4 cxd4 6. cxd4 d6 7. a3 Bd7 8. Bd3 Be7 9. 0-0 0-0 10. Qe2 Bc6 11. Rd1 Nb6 12. Nc3 d5 13. Ne1 g6 14. Bh6 Re8 15. Qg4 N8d7 16. f4 Nc4 17. Qe2 Ncb6 18. Nc2 Bf8 19. Bxf8 Rxf8 20. Qg4 f6 21. Qxe6+ Kh8 22. Qh3 Rg8 23. Rf1 Nf8 24. Rae1 Bd7 25. Qf3 Be6 26. Ne3 fxe5 27. fxe5 Rc8 28. Ng4 Bxg4 29. Qxg4 Qd7 30. Qxd7 Nfxd7 31. Rf7 Rgf8 32. Ref1 Kg8 33. e6 Rxf7 34. Rxf7 Nb8 35. Rxb7 Nc6 36. Nb5 Re8 37. Rc7 Rxe6 38. Nxa7 Nxa7 39. Rxa7 Re1+ 40. Kf2 Rd1 41. Ke2 Rh1 42. h3 Rg1 43. Kf3 Rd1 44. Ke3 Rg1 45. Ra6 Nc4+ 46. Bxc4 dxc4 47. Kf3 Rd1 48. Ke3 Rd3+ 49. Ke4 Rd2 50. Ra4 Rxb2 51. Rxc4 Rxg2 52. Rc3 Re2+ 53. Re3 Rc2 54. Ke5 Rc8 55. Rd3 Re8+ 56. Kd6 Rd8+ 57. Kc7 Rd5 58. Kc6 Rd8 59. d5 Kf7 60. Kc7 Ra8 61. Rb3 Ra7+ 62. Kc6 Ra6+ 63. Kc7 Ra7+ 64. Kb6 Rd7 65. Rd3 Ke7 66. d6+ Rxd6+ 67. Rxd6 Kxd6 68. a4 g5 69. a5 h5 70. a6 g4 71. hxg4 hxg4 72. a7 g3 73. a8Q Ke7 74. Qg2 Kf6 75. Qxg3 Kf5 76. Kc5 Kf6 77. Kd5 Kf7 78. Kd6 Kf6 79. Qf3+ Kg5 80. Ke6 Kg6 81. Qg4+ Kh6 82. Kf7 Kh7 83. Qg7# 1-0

[Event "GRE-ch U12 Girls"]
[Site "Rio Achaia"]
[Date "2015.06.27"]
[Round "3.5"]
[White "Ilia, Anastasia"]
[Black "Fertaki, Eleftheria"]
[Result "1-0"]
[WhiteElo "1270"]
[BlackElo "1146"]
[PlyCount "113"]
[EventDate "2015.06.26"]
[EventType "swiss"]
[EventRounds "9"]
[EventCountry "GRE"]
[SourceTitle "EXT 2024"]
[Source "ChessBase"]
[SourceDate "2023.10.10"]
[SourceVersion "1"]
[SourceVersionDate "2023.10.10"]
[SourceQuality "1"]

1. e4 e5 2. Nc3 Nf6 3. Bc4 Nc6 4. Nf3 Bc5 5. Bb5 0-0 6. Bxc6 dxc6 7. Nxe5 Qd4 8. Nd3 Nxe4 9. 0-0 Nxc3 10. dxc3 Qd5 11. Nxc5 Qxc5 12. Qf3 Qf5 13. Qg3 Qg4 14. Qxc7 Qg6 15. Qg3 Qxg3 16. fxg3 Re8 17. Bf4 Re2 18. Rf2 Rxf2 19. Kxf2 Bf5 20. Rc1 Rd8 21. Be3 a6 22. Bd4 Be6 23. a3 g6 24. Re1 Kf8 25. Bc5+ Kg7 26. Bd4+ Kh6 27. Rd1 Kh5 28. h3 g5 29. g4+ Kh4 30. Kg1 Rxd4 31. Rxd4 h5 32. gxh5+ Kxh5 33. Rd8 Bf5 34. Rb8 Bxc2 35. Rxb7 g4 36. hxg4+ Kxg4 37. Rxf7 Bb3 38. Rf6 Ba4 39. b3 Bxb3 40. Rxc6 Bd5 41. Rxa6 Kf4 42. c4 Bxc4 43. Ra4 Ke5 44. Rxc4 Kd5 45. Rc8 Kd6 46. g4 Ke6 47. a4 Kf6 48. Kf2 Kg5 49. Kg2 Kxg4 50. Rf8 Kg5 51. Kg3 Kg6 52. Kg4 Kg7 53. Rf5 Kg8 54. Rf6 Kg7 55. Kg5 Kg8 56. Kg6 Kh8 57. Rf8# 1-0